000 004990000a22001810004500
003 MACL
005 20160313132414.0
008 160313b xxu||||| |||| 00| 0 eng d
040 _aMACL
_cMACL
041 _aHindi
082 _a891.433
100 _aधर्मरक्षित भिक्षु
_939095
245 _aलंका-यात्रा
260 _bकिताब महल
_aइलाहाबाद
350 _a2
650 _aTravel
_945796
942 _cHIN
_k910
_2ddc
999 _c25298
_d25298